LEADER 01340nam a2200301 a 4500 001 000000144269 003 CaOOAMICUS 005 20150623095439.0 008 150623s1970 it u000 u ita r 040 $aPUL$bita 041 1 $aita$hger 100 1 $aBornkamm, Günther.$0(OLS)http://pul/name/5850 240 10$aTheologie Rudolf Bultmanns.$lItaliano.$0(OLS)http://pul/title/182547 245 10$aRudolf Bultmann :$bproblematica e discussione /$cG. Bornkamm. 260 $aBologna :$bDehoniane,$cc1970. 300 $a208 p. ;$c19 cm 490 1 $aSupplementi di Teologia biblica ;$v05 504 $aBibliografia in nota. 600 14$aBultmann, Rudolf Karl,$d1884-1976$xTeologia.$0(OLS)http://pul/subject/24138 830 0$aSupplementi di Teologia biblica ;$v05.$0(OLS)http://pul/title/73790 850 $aPUL 852 $aPUL$W1$xDP1 Fondo Bordoni$y120$m3 D 63$j166277$qFondi$B174059$CPULBib$Z2$F174059 $HBor1452 $81 852 $aPUL$W1$xDP1 Fondo S. Lanza$y121$m3 E 27$j166365$qFondi$B166969$CPULBib$Z2$F166969 $HLan1935 $82 941 1 $a1 961 $aNota ms. di possesso: Sergio Lanza 996 $6245$aRudolf Bultmann :$bproblematica e discussione$9(OLS)http://pul/title/182546 996 $6260$aBologna :$bDehoniane$9(OLS)http://pul/publisher/48655 LEADER 01283nam a2200289 a 4500 001 000000175321 003 CaOOAMICUS 005 20220627172106.0 008 220627s2021 it b 000 udita r 020 $a978-88-922-2603-6* 032 $aLibriCat 040 $aPUL$bita 245 03$aIl Vangelo e la strada : $bPalermo come Gerico /$cC. Lorefice, A. Staropoli, V. Impellizzeri. 260 $aCinisello Balsamo :$bSan Paolo,$c2021. 300 $a317 p. ;$c24 cm 610 24$aPapi (2013-2025 : Franciscus)$tFratelli tutti.$0(OLS)http://pul/subject/46521 650 4$aTeologia pastorale$xAspetti sociali.$0(OLS)http://pul/subject/9796 700 1 $aImpellizzeri, Vito,$d1971-$0(OLS)http://pul/name/69225 700 1 $aLorefice, Corrado,$d1962-$0(OLS)http://pul/name/77483 700 1 $aStaropoli, Anna.$0(OLS)http://pul/name/51388 850 $aPUL 852 $aPUL$W1$xSL Religione 3$y85$m261. 8 LORCO 1$j199529$qDDC 21$B204249$CPULBib$Z2$F204249 $H135682 $82 941 1 $a9 996 $6020$a978-88-922-2603-6*$9(OLS)http://pul/number/168717 996 $6245$aIl Vangelo e la strada : $bPalermo come Gerico$9(OLS)http://pul/title/216741 996 $6260$aCinisello Balsamo :$bSan Paolo$9(OLS)http://pul/publisher/54577